Chaîne de mots - Union européenne - Statistiques

Statistiques générales
  • Ce quiz a été pris 185 fois
  • Le résultat moyen est 8 sur 19
Statistiques - réponses
Indice Réponse % Correct
Monnaie unique, adoptée en 2002 Euro
99%
Organisation militaire à laquelle appartiennent certains des pays membres de l'UE OTAN
93%
Programme d’échanges étudiants Erasmus
69%
Une des capitales de l’UE et où se situe le Parlement européen Strasbourg
64%
Pays ayant connu une grave crise économique débutant en 2008 Grèce
62%
Pays balte ayant rejoint l’UE en 2004 Estonie
59%
Un des pays fondateurs de l'UE, qui abrite une de ses capitales Luxembourg
54%
Ville où a été signé le traité fondateur de l’UE Maastricht
53%
Pays ayant rejoint l'UE en 1986 Espagne
47%
Acte de naissance de la CEE, signé en 1957 Traité de Rome
32%
Modifications génétiques auxquelles l'UE s'oppose OGM
31%
Un des pères de la construction européenne, à l’initiative de la CECA Robert Schuman
29%
Agence européenne de lutte contre la criminalité Europol
20%
Traité signé lors de la COP 21 et engageant l'UE Accord de Paris
19%
Réseau européen d’aires naturelles protégées Natura 2000
19%
Peuple ayant refusé par deux fois l’adhésion à l’UE Norvégiens
15%
Programme de géolocalisation européen Galileo
8%
Mode de sélection du président de la Commission européenne Spitzenkandidat
4%
Type de réunion utilisée dans le processus législatif européen Trilogue
1%
Aucun quiz correspondant
Distribution des résultats
% des personnes avec chaque résultat
Percentile par nombre de réponses
Votre historique - résultats
Vous n’avez pas pris ce quiz